K novelám daňového poriadku v roku 2023 a k legislatívnym úpravám sankcií účinných od 1.1.2024

Informácia o pripravovaných legislatívnych návrhoch daňového poriadku pre rok 2024. Informácia o novelách daňového poriadku schválených v roku 2023. Vybrané ustanovenia noviel daňového poriadku schválených v roku 2022 s účinnosťou od 1.1.2024.

Gespeichert in:
Bibliographische Detailangaben
1. Verfasser: Jurčíková, Božena
Format: Buchkapitel
Sprache:Slowakisch
Schlagworte:
Tags: Tag hinzufügen
Keine Tags, Fügen Sie das erste Tag hinzu!

MARC

LEADER 00000naa a2200000 4500
001 0299905
005 20240417075310.4
041 0 |a slo 
044 |a SK 
245 1 0 |a K novelám daňového poriadku v roku 2023 a k legislatívnym úpravám sankcií účinných od 1.1.2024  |c Božena Jurčíková 
520 |a Informácia o pripravovaných legislatívnych návrhoch daňového poriadku pre rok 2024. Informácia o novelách daňového poriadku schválených v roku 2023. Vybrané ustanovenia noviel daňového poriadku schválených v roku 2022 s účinnosťou od 1.1.2024. 
610 2 0 |a legislatíva 
610 2 0 |a poriadok daňový 
610 2 0 |a sankcie 
610 2 0 |a dane 
100 1 |a Jurčíková, Božena